Parade's end /

Salvato in:
Dettagli Bibliografici
Autore principale: Ford, Ford Madox
Natura: Sách giấy
Lingua:English
Pubblicazione: London : David Campbell , 1992
Tags: Aggiungi Tag
Nessun Tag, puoi essere il primo ad aggiungerne! !
Thư viện lưu trữ: Thư viện Trường Đại học Đà Lạt
LEADER 00529nam a2200241 4500
001 DLU020018050
005 ##5/10/2001
020 # # |a 978- 
041 # # |a eng 
082 # # |a 823  |b FO-F 
100 # # |a Ford, Ford Madox 
245 # # |a Parade's end /  |c Ford Madox Ford 
260 # # |a London :  |b David Campbell ,  |c 1992 
300 # # |a 906 tr. ;   |c 21 cm. 
992 # # |a 0 
994 # # |a DLU 
900 # # |a False 
911 # # |a Administrator 
925 # # |a G 
926 # # |a A 
927 # # |a SH 
980 # # |a Thư viện Trường Đại học Đà Lạt